[Event "Speed Chess (Women) Q1"]
[Site "Chess.com INT"]
[Date "2022.05.25"]
[Round "11"]
[White "Homiakova, Elena"]
[Black "Kiseljova, Marya"]
[Result "1/2-1/2"]
[WhiteElo "2113"]
[BlackElo "2031"]
[PlyCount "128"]
[EventDate "2022.05.24"]
[EventType "swiss (blitz)"]
[EventRounds "14"]
[EventCountry "USA"]
[SourceTitle "CBM 208 Extra"]
[Source "ChessBase"]
[SourceDate "2022.07.31"]
[SourceVersion "1"]
[SourceVersionDate "2022.07.31"]
[SourceQuality "1"]

1. e4 c5 2. Nf3 Nc6 3. d4 cxd4 4. Nxd4 g6 5. c4 Bg7 6. Be3 d6 7. Nc3 Nf6 8. Be2 0-0 9. 0-0 Bd7 10. f3 Nxd4 11. Bxd4 a5 12. Nd5 Nxd5 13. exd5 a4 14. Bxg7 Kxg7 15. Qd4+ Kg8 16. f4 Qa5 17. Bd3 Rfc8 18. f5 Qc5 19. Qxc5 Rxc5 20. fxg6 hxg6 21. Rae1 Re8 22. Re3 b5 23. b4 Rc7 24. cxb5 Rb7 25. Ref3 Bxb5 26. Bxb5 Rxb5 27. Rxf7 Rxb4 28. R7f4 Reb8 29. h4 a3 30. Rxb4 Rxb4 31. Rf3 Rxh4 32. Rxa3 Rd4 33. Ra5 Kf7 34. Kf2 Kf6 35. Ke3 Ke5 36. Ra7 Rxd5 37. Rxe7+ Kf6 38. Ra7 Rg5 39. Kf3 Rb5 40. a4 Rb3+ 41. Kf2 Ra3 42. a5 g5 43. Ra8 g4 44. a6 g3+ 45. Ke2 Ke5 46. a7 Kd5 47. Kd2 Kd4 48. Kc2 d5 49. Kb2 Ra6 50. Kb3 Kd3 51. Kb4 d4 52. Kb5 Ra2 53. Kb6 Rxg2 54. Rg8 Rb2+ 55. Kc5 Ra2 56. a8Q Rxa8 57. Rxa8 Ke3 58. Rg8 Kf2 59. Kxd4 g2 60. Rf8+ Ke1 61. Re8+ Kf1 62. Rf8+ Ke1 63. Rg8 Kf2 64. Rf8+ Ke1 1/2-1/2

[Event "Speed Chess (Women) Q1"]
[Site "Chess.com INT"]
[Date "2022.05.25"]
[Round "3"]
[White "Homiakova, Elena"]
[Black "Pandey, Srishti"]
[Result "0-1"]
[WhiteElo "2113"]
[BlackElo "2123"]
[PlyCount "54"]
[EventDate "2022.05.24"]
[EventType "swiss (blitz)"]
[EventRounds "14"]
[EventCountry "USA"]
[SourceTitle "CBM 208 Extra"]
[Source "ChessBase"]
[SourceDate "2022.07.31"]
[SourceVersion "1"]
[SourceVersionDate "2022.07.31"]
[SourceQuality "1"]

1. e4 e5 2. Nf3 Nc6 3. Bb5 a6 4. Ba4 Nf6 5. 0-0 Bc5 6. c3 0-0 7. d4 Ba7 8. h3 exd4 9. e5 Ne4 10. cxd4 d5 11. Nc3 Bf5 12. Bc2 Bg6 13. Re1 Rb8 14. Nxe4 dxe4 15. Bxe4 Nxd4 16. Bxg6 Nxf3+ 17. Qxf3 fxg6 18. Qb3+ Kh8 19. Be3 Bxe3 20. Rxe3 Qd2 21. Rf1 h6 22. e6 Rbe8 23. e7 Rf6 24. Qa4 b5 25. Qe4 Rf7 26. Rd3 Qg5 27. Re1 Rfxe7 0-1

[Event "Titled Tuesday intern op 23rd Nov"]
[Site "Chess.com INT"]
[Date "2021.11.23"]
[Round "6"]
[White "Homiakova, Elena"]
[Black "Obolentseva, Alexandra"]
[Result "0-1"]
[WhiteElo "2113"]
[BlackElo "2305"]
[PlyCount "118"]
[EventDate "2021.11.23"]
[EventType "swiss (blitz)"]
[EventRounds "11"]
[EventCountry "USA"]
[SourceTitle "CBM 205 Extra"]
[Source "ChessBase"]
[SourceDate "2022.01.31"]
[SourceVersion "1"]
[SourceVersionDate "2022.01.31"]
[SourceQuality "1"]

1. e4 c5 2. Nf3 d6 3. d4 cxd4 4. Nxd4 Nf6 5. Nc3 a6 6. Be2 e6 7. 0-0 Be7 8. Kh1 b5 9. f4 Bb7 10. Bf3 Nbd7 11. e5 Bxf3 12. Nxf3 dxe5 13. fxe5 Ng4 14. Qe1 Qb6 15. h3 h5 16. Bg5 Bxg5 17. Nxg5 Ndxe5 18. Nxf7 Nxf7 19. Nd5 Qd6 20. Nf4 Nge5 21. Rd1 Qc6 22. Qg3 g5 23. Nd3 Nxd3 24. Qxd3 e5 25. Qf5 0-0 26. Rd7 Qxd7 27. Qxd7 Rad8 28. Qe6 Rd6 29. Qf5 g4 30. Qxh5 gxh3 31. Qg4+ Kh7 32. gxh3 Rg6 33. Qh4+ Kg7 34. Qe4 Nd6 35. Qxe5+ Kg8 36. Rxf8+ Kxf8 37. Qc5 Kf7 38. Qd5+ Ke7 39. Qe5+ Re6 40. Qg5+ Kd7 41. Qg7+ Kc6 42. Qg2+ Kc5 43. Qg3 Ne4 44. Qe3+ Kd5 45. Qd3+ Ke5 46. Qe3 Rd6 47. Qf3 Rd2 48. Kg1 Rxc2 49. Qh5+ Kd4 50. Qh8+ Kd3 51. Qd8+ Ke2 52. Qb6 Rxb2 53. Qd4 Rb1+ 54. Kg2 Nd2 55. Qg4+ Kd3 56. Qf5+ Ne4 57. Qd5+ Ke3 58. Qc6 Rb2+ 59. Kg1 Rxa2 0-1

[Event "Titled Tuesday intern op 27th Apr"]
[Site "Chess.com INT"]
[Date "2021.04.27"]
[Round "5"]
[White "Balaji, Aaravamudhan"]
[Black "Homiakova, Elena"]
[Result "1-0"]
[WhiteElo "2206"]
[BlackElo "2113"]
[PlyCount "59"]
[EventDate "2021.04.27"]
[EventType "swiss (blitz)"]
[EventRounds "11"]
[EventCountry "USA"]
[SourceTitle "CBM 202 Extra"]
[Source "ChessBase"]
[SourceDate "2021.07.31"]
[SourceVersion "1"]
[SourceVersionDate "2021.07.31"]
[SourceQuality "1"]

1. Nf3 c5 2. b3 Nf6 3. Bb2 g6 4. e3 Bg7 5. Be2 0-0 6. 0-0 d5 7. d4 cxd4 8. exd4 Nc6 9. Nbd2 a5 10. a3 Be6 11. c4 a4 12. c5 axb3 13. Nxb3 Ne4 14. Nfd2 b6 15. Nxe4 dxe4 16. Bb5 Bxb3 17. Qxb3 Nxd4 18. Qc4 bxc5 19. Rad1 Qb6 20. a4 Nxb5 21. Bxg7 Kxg7 22. axb5 f5 23. Rd7 Rf7 24. Qc3+ Kg8 25. Qb3 Qf6 26. b6 Rb8 27. b7 Kg7 28. Rfd1 e6 29. g3 c4 30. Qb6 1-0

[Event "Titled Tuesday intern op 27th Apr"]
[Site "Chess.com INT"]
[Date "2021.04.27"]
[Round "3"]
[White "Homiakova, Elena"]
[Black "Jacobson, Brandon"]
[Result "0-1"]
[WhiteElo "2113"]
[BlackElo "2491"]
[PlyCount "90"]
[EventDate "2021.04.27"]
[EventType "swiss (blitz)"]
[EventRounds "11"]
[EventCountry "USA"]
[SourceTitle "CBM 202 Extra"]
[Source "ChessBase"]
[SourceDate "2021.07.31"]
[SourceVersion "1"]
[SourceVersionDate "2021.07.31"]
[SourceQuality "1"]

1. e4 c5 2. Nf3 Nc6 3. d4 cxd4 4. Nxd4 Nf6 5. Nc3 d6 6. Be2 e5 7. Nf3 h6 8. 0-0 Be7 9. h3 0-0 10. Re1 Be6 11. Bf1 Qc7 12. Nb5 Qb8 13. c4 Rc8 14. b3 a6 15. Nc3 b5 16. cxb5 Na7 17. Nd5 Bxd5 18. exd5 Nxb5 19. Bb2 Nc3 20. Bxc3 Rxc3 21. Bc4 Bd8 22. Re2 Bb6 23. Nd2 Bd4 24. Rb1 Qc8 25. Nf3 Rxf3 26. gxf3 Qxh3 27. Rd2 Nh5 28. Bf1 Qg3+ 29. Bg2 Nf4 30. Qf1 Bxf2+ 31. Rxf2 Nh3+ 32. Kh1 Nxf2+ 33. Kg1 Nh3+ 34. Kh1 Nf4 35. Rb2 Rc8 36. Qf2 Rc1+ 37. Bf1 Qh3+ 38. Kg1 Qf5 39. Kh2 Qh5+ 40. Kg3 g5 41. Qh2 Qxh2+ 42. Kxh2 Rxf1 43. Rc2 Rxf3 44. Rc6 g4 45. Rxd6 g3+ 0-1

[Event "Titled Tuesday intern op 09th Mar"]
[Site "Chess.com INT"]
[Date "2021.03.09"]
[Round "1"]
[White "Homiakova, Elena"]
[Black "Ehlvest, Jaan"]
[Result "0-1"]
[WhiteElo "2113"]
[BlackElo "2517"]
[PlyCount "102"]
[EventDate "2021.03.09"]
[EventType "swiss (blitz)"]
[EventRounds "11"]
[EventCountry "USA"]
[SourceTitle "CBM 201 Extra"]
[Source "ChessBase"]
[SourceDate "2021.05.31"]
[SourceVersion "1"]
[SourceVersionDate "2021.05.31"]
[SourceQuality "1"]

1. e4 c5 2. Nf3 e6 3. Nc3 a6 4. d4 cxd4 5. Nxd4 Qc7 6. Be2 Bc5 7. Nb3 Be7 8. 0-0 d6 9. Kh1 Nd7 10. a4 b6 11. f4 Bb7 12. Bf3 Ngf6 13. Be3 0-0 14. Qe1 Rfe8 15. Rd1 Bf8 16. g4 d5 17. e5 Ne4 18. Nxe4 dxe4 19. Bg2 Rad8 20. c3 g5 21. Bd4 gxf4 22. Bxe4 Bg7 23. Rxf4 Nxe5 24. Kg1 Nc4 25. Qf2 Bxe4 26. Rxe4 e5 27. Rde1 Nxb2 28. Be3 Nd3 29. Qe2 Nxe1 30. Qxe1 Qc6 31. Bf2 Rd1 32. Qxd1 Qxe4 33. Qd7 Rf8 34. Nd2 Qe2 35. Nf1 f5 36. Bxb6 Qxg4+ 37. Ng3 e4 38. Qe6+ Kh8 39. Bc5 Rb8 40. Qxf5 Rb1+ 41. Kf2 Qxf5+ 42. Nxf5 Bxc3 43. Nd6 Bb4 44. Bd4+ Kg8 45. Nxe4 Rb3 46. Nf6+ Kg7 47. Nd5+ Kg6 48. Nf4+ Kf5 49. Ne2 Ra3 50. Ng3+ Kg4 51. Be3 Ra2+ 0-1

[Event "Titled Tuesday intern op 09th Mar"]
[Site "Chess.com INT"]
[Date "2021.03.09"]
[Round "5"]
[White "Sliwicki, Damian"]
[Black "Homiakova, Elena"]
[Result "1-0"]
[WhiteElo "2169"]
[BlackElo "2113"]
[PlyCount "49"]
[EventDate "2021.03.09"]
[EventType "swiss (blitz)"]
[EventRounds "11"]
[EventCountry "USA"]
[SourceTitle "CBM 201 Extra"]
[Source "ChessBase"]
[SourceDate "2021.05.31"]
[SourceVersion "1"]
[SourceVersionDate "2021.05.31"]
[SourceQuality "1"]

1. e4 c5 2. Nf3 Nc6 3. g3 g6 4. Bg2 Bg7 5. 0-0 e6 6. c3 Nge7 7. d4 cxd4 8. cxd4 d5 9. e5 0-0 10. Nc3 f6 11. exf6 Bxf6 12. Bh6 Re8 13. Re1 Nf5 14. Be3 Nxe3 15. Rxe3 Qb6 16. Nxd5 Qd8 17. Nxf6+ Qxf6 18. d5 Nb4 19. Qd4 Nxd5 20. Ne5 Nxe3 21. fxe3 Rd8 22. Qc3 Bd7 23. Rf1 Qg5 24. Nf7 Qe7 25. Nh6# 1-0

[Event "Titled Tuesday intern op 02nd Mar"]
[Site "Chess.com INT"]
[Date "2021.03.02"]
[Round "4"]
[White "Homiakova, Elena"]
[Black "Buscar, Michael"]
[Result "0-1"]
[WhiteElo "2113"]
[BlackElo "2088"]
[PlyCount "102"]
[EventDate "2021.03.02"]
[EventType "swiss (blitz)"]
[EventRounds "11"]
[EventCountry "USA"]
[SourceTitle "CBM 201 Extra"]
[Source "ChessBase"]
[SourceDate "2021.05.31"]
[SourceVersion "1"]
[SourceVersionDate "2021.05.31"]
[SourceQuality "1"]

1. e4 c5 2. Nf3 Nc6 3. d4 cxd4 4. Nxd4 Nf6 5. Nc3 e5 6. Ndb5 h6 7. Nd5 Nxd5 8. exd5 a6 9. dxc6 axb5 10. cxd7+ Bxd7 11. Be2 Qc7 12. 0-0 Bd6 13. c3 0-0 14. Qb3 Be6 15. Qxb5 Rxa2 16. Rxa2 Bxa2 17. c4 Ra8 18. Be3 e4 19. h3 Qc6 20. Qxc6 bxc6 21. Ra1 Be5 22. Bc1 Ra4 23. Kf1 f5 24. Ke1 g5 25. c5 Bb3 26. Rxa4 Bxa4 27. b4 Bd4 28. Bc4+ Kg7 29. Be3 Bc3+ 30. Bd2 Be5 31. Ke2 Kf6 32. f3 exf3+ 33. Kxf3 h5 34. h4 gxh4 35. Be1 Bd1+ 36. Ke3 Bg3 37. Bc3+ Ke7 38. b5 Kd7 39. b6 Bg4 40. Bf6 h3 41. gxh3 Bxh3 42. Kf3 Bb8 43. Ba6 Bg4+ 44. Kg2 f4 45. Bd4 f3+ 46. Kf2 h4 47. Kg1 h3 48. Bf2 h2+ 49. Kh1 Bh3 50. Bg3 Bxg3 51. Bf1 Bxf1 0-1